书目信息 |
| 题名: |
“这”、“那”系词语的篇章用法研究
|
|
| 作者: | 杨玉玲 著 | |
| 分册: | ||
| 出版信息: | 北京 中国广播电视出版社 2010.11 |
|
| 页数: | 242页 | |
| 开本: | 23cm | |
| 丛书名: | ||
| 单 册: | ||
| 中图分类: | H146.2 | |
| 科图分类: | ||
| 主题词: | 汉语--代词--语法--研究--现代 , 语法 , 汉语 , 代词 | |
| 电子资源: | ||
| ISBN: | 978-7-5043-6308-4 | |
| 000 | 00999nam0 2200277 450 | |
| 001 | 1255302276 | |
| 005 | 20120109152215.42 | |
| 010 | @a978-7-5043-6308-4@dCNY35.00 | |
| 090 | @aH146@byyl | |
| 096 | @aH146@byyl | |
| 100 | @a20110218d2010 em y0chiy50 ea | |
| 101 | 0 | @achi |
| 102 | @aCN@b110000 | |
| 105 | @ay z 000yy | |
| 200 | 1 | @a“这”、“那”系词语的篇章用法研究@b专著@f杨玉玲著@9“ zhe ” 、 “ na ” xi ci yu de pian zhang yong fa yan jiu |
| 210 | @a北京@c中国广播电视出版社@d2010.11 | |
| 215 | @a242页@d23cm | |
| 330 | @a本书采用实证性研究方法,在大规模统计真实语料的基础上,全面系统地分析了“这”、“那”系词语的篇章用法及其不对称现象,并用可及性理论对此进行了解释:“这”系词语是高可及性指示词语,“那”系词语是低可及性指示词语。 | |
| 606 | 0 | @a汉语@x代词@x语法@x研究@z现代 |
| 606 | 0 | @a语法 |
| 606 | 0 | @a汉语 |
| 606 | 0 | @a代词 |
| 690 | @aH146.2@v4 | |
| 701 | 0 | @a杨玉玲@c(女,@f1972~)@4著@9yang yu ling |
| 801 | 0 | @aCN@bCEPC@c20110128 |
| 905 | @aZUCC@dH146.2@eY323 | |
| “这”、“那”系词语的篇章用法研究/杨玉玲著.-北京:中国广播电视出版社,2010.11 |
| 242页;23cm |
| ISBN 978-7-5043-6308-4:CNY35.00 |
| 本书采用实证性研究方法,在大规模统计真实语料的基础上,全面系统地分析了“这”、“那”系词语的篇章用法及其不对称现象,并用可及性理论对此进行了解释:“这”系词语是高可及性指示词语,“那”系词语是低可及性指示词语。 |
| ● |
| 相关链接 |
|
|
|
正题名:"这"、"那"系词语的篇章用法研究
索取号:H146.2/Y323
 
预约/预借
| 序号 | 登录号 | 条形码 | 馆藏地/架位号 | 状态 | 备注 |
| 1 | 482590 | 204825902 | 语言库209/209语言库 73排3列5层/ [索取号:H146.2/Y323] | 在馆 | |
| 2 | 482591 | 204825911 | 语言库209/209语言库 73排3列5层/ [索取号:H146.2/Y323] | 在馆 | |
| 3 | 482592 | 204825920 | 语言库209/209语言库 73排3列5层/ [索取号:H146.2/Y323] | 在馆 |